Southville International School and Colleges
Your cart is empty.
  • Cart
  • Lists
    Public lists Eva Luna New books Lux_list list_1
    Your lists Log in to create your own lists
  • Log in to your account
  • Your cookies
  • Search history
Southville International School and Colleges
  • Advanced search
  • Recent comments
  • Most popular
  • Libraries

Log in to your account

Log in with GOOGLE


If you do not have an external account, but do have a local account, you can still log in:

  1. Home
  2. MARC view: Kalinangan: workteks sa filipino (wika at panitikan) para sa hayskul 8 /
Normal view MARC view ISBD view

Kalinangan: workteks sa filipino (wika at panitikan) para sa hayskul 8 / (Record no. 298059)

[ view plain ]
MARC details
000 -LEADER
fixed length control field 00599nam a22001937a 4500
003 - CONTROL NUMBER IDENTIFIER
control field SISC
005 - DATE AND TIME OF LATEST TRANSACTION
control field 20160728144210.0
008 - FIXED-LENGTH DATA ELEMENTS--GENERAL INFORMATION
fixed length control field 160726b xxu||||| |||| 00| 0 eng d
020 ## - INTERNATIONAL STANDARD BOOK NUMBER
International Standard Book Number 9789712369513
050 ## - LIBRARY OF CONGRESS CALL NUMBER
Classification number PL 6164 .G963 2015
100 ## - MAIN ENTRY--PERSONAL NAME
Personal name Guimarie, Aida M.
245 ## - TITLE STATEMENT
Title Kalinangan: workteks sa filipino (wika at panitikan) para sa hayskul 8 /
Statement of responsibility, etc Aida M. Guimarie.
250 ## - EDITION STATEMENT
Edition statement Binagong ed.
260 ## - PUBLICATION, DISTRIBUTION, ETC. (IMPRINT)
Place of publication, distribution, etc Manila :
Name of publisher, distributor, etc Rex Bookstore,
Date of publication, distribution, etc 2015.
300 ## - PHYSICAL DESCRIPTION
Extent xx, 520 p. :
Other physical details ill. ;
Dimensions 26 cm.
650 ## - SUBJECT ADDED ENTRY--TOPICAL TERM
Topical term or geographic name as entry element Filipino language--Grammar.
650 ## - SUBJECT ADDED ENTRY--TOPICAL TERM
Topical term or geographic name as entry element Filipino literature.
942 ## - ADDED ENTRY ELEMENTS (KOHA)
Source of classification or shelving scheme Library of Congress Classification
Koha item type Books
Holdings
Withdrawn status Lost status Source of classification or shelving scheme Damaged status Home library Current library Shelving location Date acquired Source of acquisition Total Checkouts Total Renewals Full call number Barcode Date last seen Date checked out Price effective from Koha item type
    Library of Congress Classification   Luxembourg Library Luxembourg Library Teachers Reference Section 07/26/2016 Library Fund 4 14 PL 6164 .G963 2015 20308 01/05/2024 09/15/2022 07/26/2016 Books
    Library of Congress Classification   Luxembourg Library Luxembourg Library Filipiniana Section 10/09/2018 Library Fund     PL 6164 .G963 2015 20591 10/09/2018   10/09/2018 Books

Kalinangan: workteks sa filipino (wika at panitikan) para sa hayskul 8 /

APA

Guimarie A. M., . (2015). Kalinangan: workteks sa filipino (wika at panitikan) para sa hayskul 8. Manila: Rex Bookstore.

Chicago

Guimarie Aida M, . 2015. Kalinangan: workteks sa filipino (wika at panitikan) para sa hayskul 8. Manila: Rex Bookstore.

Harvard

Guimarie A. M., . (2015). Kalinangan: workteks sa filipino (wika at panitikan) para sa hayskul 8. Manila: Rex Bookstore.

MLA

Guimarie Aida M, . Kalinangan: workteks sa filipino (wika at panitikan) para sa hayskul 8. Manila: Rex Bookstore. 2015.

  • Place hold
  • Print
  • Cite
  • Add to your cart (remove)
  • Save record
    BIBTEX Dublin Core MARCXML MARC (non-Unicode/MARC-8) MARC (Unicode/UTF-8) MARC (Unicode/UTF-8, Standard) MODS (XML) RIS
  • More searches
    Search for this title in:
    Other Libraries (WorldCat) Other Databases (Google Scholar) Online Stores (Bookfinder.com) Open Library (openlibrary.org)

Exporting to Dublin Core...

SOUTHVILLE LIBRARY

Southville International School and Colleges Library

1281 Tropical Ave. Cor. Luxembourg St., BF Homes International, Las Pinas City

Tel. No. 8256374 / 252358 Loc. 117/146

Powered by Koha